Florida State Football: Top 10 All-Time Leaders - Statistics

General Stats
  • This quiz has been taken 22 times
  • The average score is 14 of 61
Answer Stats
Category # Player Amount % Correct
Passing Yards 4 Jameis Winston 7,964
94%
Passing Yards 2 Jordan Travis 8,644
71%
Passing Yards 1 Chris Weinke 9,839
65%
Rushing Yards 1 Dalvin Cook 4,464
65%
Rushing Yards 2 Warrick Dunn 3,959
65%
Interceptions T3 Deion Sanders 14
59%
Passing Yards 5 EJ Manuel 7,736
59%
Passing Yards 3 Chris Rix 8,390
41%
Passing Yards 7 Christian Ponder 6,872
41%
Receiving Yards 4 E.G. Green 2,920
41%
Receiving Yards 3 Peter Warrick 3,517
41%
Rushing Yards T10 Antone Smith 2,255
35%
Receiving Yards 7 Barry Smith 2,392
35%
Rushing Yards 6 Cam Akers 2,874
35%
Rushing Yards 8 Greg Jones 2,535
35%
Interceptions T6 Keith Jones 12
35%
Tackles 8 Marvin Jones 369
35%
Receiving Yards 1 Rashad Greene 3,830
35%
Rushing Yards 7 Sammie Smith 2,539
35%
Sacks T7 Alonzo Jackson 23.0
29%
Passing Yards 9 Danny Kanell 6,372
29%
Sacks 3 DeMarcus Walker 28.5
29%
Interceptions T3 Lee Corso 14
29%
Interceptions 1 Terrell Buckley 21
29%
Tackles 1 Aaron Carter 512
18%
Sacks T5 Björn Werner 23.5
18%
Rushing Yards T10 Devonta Freeman 2,255
18%
Sacks T5 Jamal Reynolds 23.5
18%
Tackles 6 Michael Boulware 377
18%
Sacks 2 Peter Boulware 34.0
18%
Sacks 1 Reinard Wilson 35.5
18%
Sacks T7 Andre Wadsworth 23.0
12%
Receiving Yards 10 Craphonso Thorpe 2,153
12%
Tackles 9 Daryl Bush 362
12%
Passing Yards 6 Drew Weatherford 7,567
12%
Sacks T7 Everette Brown 23.0
12%
Passing Yards 8 Gary Huff 6,378
12%
Rushing Yards 5 Larry Key 2,953
12%
Rushing Yards 9 Lorenzo Booker 2,389
12%
Tackles 4 Paul McGowan 446
12%
Receiving Yards 2 Ron Sellers 3,598
12%
Passing Yards 10 Thad Busby 5,916
12%
Receiving Yards 8 Travis Rudolph 2,311
12%
Sacks 10 Brandon Jenkins 22.5
6%
Interceptions T6 Brian McCrary 12
6%
Interceptions 5 Corey Sawyer 13
6%
Interceptions T6 Curt Campbell 12
6%
Rushing Yards 3 Greg Allen 3,769
6%
Receiving Yards 6 Greg Carr 2,574
6%
Tackles 10 Kendyll Pope 352
6%
Tackles 7 Ken Roe 373
6%
Receiving Yards 5 Kez McCorvey 2,660
6%
Tackles 5 Kirk Carruthers 435
6%
Receiving Yards 9 Mike Shumann 2,306
6%
Interceptions 2 Monk Bonasorte 15
6%
Tackles 3 Reggie Herring 452
6%
Tackles 2 Ron Simmons 483
6%
Sacks 4 Ron Simmons 25.0
6%
Interceptions T6 Samari Rolle 12
6%
Interceptions T6 Tay Cody 12
6%
Rushing Yards 4 Travis Minor 3,218
6%
No matching quizzes found
Score Distribution
Percent of People with Each Score
Percentile by Number Answered
Your Score History
You have not taken this quiz